Tambores en la noche : (Registro nro. 4090)

Detalles MARC
000 -LEADER
fixed length control field 01097nam a2200229Ia 4500
003 - CONTROL NUMBER IDENTIFIER
control field OSt
005 - DATE AND TIME OF LATEST TRANSACTION
control field 20250627111848.0
008 - FIXED-LENGTH DATA ELEMENTS--GENERAL INFORMATION
fixed length control field 191128s2010 ck er 000 p spa d
020 ## - INTERNATIONAL STANDARD BOOK NUMBER
International Standard Book Number 9789588250823
040 ## - CATALOGING SOURCE
Original cataloging agency CO-JMCR
Transcribing agency CO-JMCR
041 ## - LANGUAGE CODE
Language code of text/sound track or separate title spa
082 ## - DEWEY DECIMAL CLASSIFICATION NUMBER
Classification number A-P
Item number ARTt
100 ## - MAIN ENTRY--PERSONAL NAME
Personal name Artel, Jorge,
Relator term autor
9 (RLIN) 8519
245 10 - TITLE STATEMENT
Title Tambores en la noche :
Remainder of title poesía /
250 ## - EDITION STATEMENT
Edition statement Sexta edición
260 ## - PUBLICATION, DISTRIBUTION, ETC.
Place of publication, distribution, etc. Cartagena :
Name of publisher, distributor, etc. Universidad de Cartagena : Ministerio de Cultura
Date of publication, distribution, etc. 2010
300 ## - PHYSICAL DESCRIPTION
Extent 89 páginas ;
Dimensions 21 cm
505 ## - FORMATTED CONTENTS NOTE
Formatted contents note Negro soy -- La voz de los ancestros -- ¡Danza, mulata! -- La cumbia -- Tambores en la noche -- Velorio del boga adolescente -- ahora hablo de gaitas -- Barrio abajo -- Mr. Davi -- Sensualidad negra -- Bulleregue -- El líder negro
520 ## - SUMMARY, ETC.
Summary, etc. El trabajo poético de Artel es heredero directo de la obra de Candelario Obeso (1849-1884), pero renueva el discurso basado en l recreación de la afrontillanidad que poetas como Luis Palés Matos (Puerto Rico) ya habían desarrollado en los años veinte.
650 14 - SUBJECT ADDED ENTRY--TOPICAL TERM
Topical term or geographic name entry element Poesía colombiana
9 (RLIN) 8520
942 ## - ADDED ENTRY ELEMENTS (KOHA)
Source of classification or shelving scheme Dewey Decimal Classification
Koha item type Books
Existencias
Withdrawn status Lost status Source of classification or shelving scheme Damaged status Not for loan Collection code Home library Current library Date acquired Source of acquisition Total Checkouts Full call number Barcode Date last seen Date last checked out Copy number Koha item type
    Dewey Decimal Classification     Fiction Biblioteca Pública José María del Castillo y Rada Biblioteca Pública José María del Castillo y Rada 11/28/2019 Donación 1 A-P ARTt 201808891 01/22/2026 01/22/2026 Ej.1 Books